Estudio de rentabilidad academica y economica de una libreria virtual universitaria
Guardado en:
| Hovedforfatter: | |
|---|---|
| Format: | Tesis Bog |
| Sprog: | Undetermined |
| Udgivet: |
2002
|
| Fag: | |
| Tags: |
Tilføj Tag
Ingen Tags, Vær først til at tagge denne postø!
|
MARC
| LEADER | 00000nam a2200000Ia 4500 | ||
|---|---|---|---|
| 001 | 8983 | ||
| 008 | 140114s9999 xx 000 0 und d | ||
| 100 | |a Faingezicht Tarcica,Danny | ||
| 245 | |a Estudio de rentabilidad academica y economica de una libreria virtual universitaria | ||
| 260 | |c 2002 | ||
| 500 | |a NULL | ||
| 502 | |a Escuela de ingenieria Industrial | ||
| 650 | |z RENTABILIDAD ACADEMICA | ||
| 999 | |c 12592 |d 12592 | ||
